Rostó, Rostó, Rostó

Bibliographic Details
Corporate Authors: Brněnský rozhlasový orchestr lidových nástrojů (Author), Dymák (Ostravský soubor ) (Performer)
Other Authors: Jokl, Ján (Singer), Hotárková, Libuše (Singer), Halíř, Václav (Singer), Holý, Luboš (Singer), Příkazská, Věra (Singer), Doubravský, Petr (Arranger), Dadák, Jaromír (Conductor), Nečas, Jaromír, 1922- (Arranger), Nečesánek, Zdeněk (Conductor), Juchelka, Miroslav (Arranger), Jurášek, Jaroslav (Arranger), Smejkal, Bohumil (Conductor), Fiala, Alois (Conductor), Jakubíček, Slávek, 1929-2000 (Arranger)
Format: CD Audio
Language:Czech
Slovak
PhysicalDescription:1 gramofónová platňa 18 cm
Published: Praha Supraphon [1962]
Subjects:

MARC

LEADER 00000njm a2200000 4500
001 vtls012133953
003 SK-MaSNL
005 20260302094908.0
007 sd cszc p
008 220506s1962 xr sgz g 0 0 cze
028 0 1 |a OSA03135  |b Supraphon 
028 1 3 |a C 1604/A B  |b Supraphon 
028 1 3 |a C 1605/A A  |b Supraphon 
028 0 1 |a F-09*30908  |b Supraphon 
040 |a SNK  |b slo  |c SNK  |e rda 
041 0 |a cze  |a slo 
044 |a xr  |c CZ 
072 7 |a 784  |x Vokálna hudba  |2 konspekt 
080 |a 784.4  |2 2011 
080 |a 398.8  |2 2011 
080 |a (086.72)  |2 2011 
110 2 |a Brněnský rozhlasový orchestr lidových nástrojů  |4 aut  |9 63272 
245 0 0 |a Rostó, Rostó, Rostó  |c Brněnský rozhlasový orchestr lidových nástrojů 
264 1 |a Praha  |b Supraphon  |c [1962] 
264 4 |c Ⓟ1962 
300 |a 1 gramofónová platňa  |c 18 cm 
336 |a hraná hudba  |b prm  |2 rdacontent 
337 |a audio  |b s  |2 rdamedia 
338 |a iný  |b z  |2 rdacarrier 
340 |a vinyl  |a rda 
344 |a analog  |c 45 ot/min  |g stereo  |2 rda 
500 |a Platňa obsahuje 6 piesní 
500 |a Názov prevzatý z obalu 
500 |a Miesto vydania podľa vydavateľa 
650 0 7 |a ľudové piesne  |2 SNKPH  |9 1941 
650 0 7 |a Folk songs  |2 SNKPHeng  |9 286205 
655 7 |a gramofónové platne  |2 SNKPH  |9 74608 
655 7 |a Gramophone records  |2 SNKPHeng  |9 286457 
700 1 |a Jokl, Ján  |4 sng  |9 767386 
700 1 |a Hotárková, Libuše  |4 sng  |9 739495 
700 1 |a Halíř, Václav  |4 sng  |9 767387 
700 1 |a Holý, Luboš  |4 sng  |9 767388 
700 1 |a Příkazská, Věra  |4 sng  |9 603374 
700 1 |a Doubravský, Petr  |4 arr  |9 767389 
700 1 |a Dadák, Jaromír  |4 cnd  |9 395221 
700 1 |a Nečas, Jaromír,  |d 1922-  |4 arr  |9 118073 
700 1 |a Nečesánek, Zdeněk  |4 cnd  |9 767390 
700 1 |a Juchelka, Miroslav  |4 arr  |9 699696 
700 1 |a Jurášek, Jaroslav  |4 arr  |9 283214 
700 1 |a Smejkal, Bohumil  |4 cnd  |9 640503 
700 1 |a Fiala, Alois  |4 cnd  |9 340016 
700 1 |a Jakubíček, Slávek,  |d 1929-2000  |4 arr  |9 134349 
710 2 |a Dymák (Ostravský soubor )  |4 prf  |9 767391 
740 0 2 |a Proč k nám, synečku, nechodíš  |h zvukový záznam 
740 0 2 |a Dež sem za svó miló chodíval  |h zvukový záznam 
740 0 2 |a Anyčka Rychtárová  |h zvukový záznam 
740 0 2 |a Milostná píseň ze záhoří  |h zvukový záznam 
740 0 2 |a Darmo sa ty trápiš  |h zvukový záznam 
999 |c 1214945  |d 1216875 
952 |a SNK  |b SNK  |y PREZ  |7 0  |p 17A1420200  |o snk 45-151  |i snk1788/67  |0 0  |1 0  |4 0  |d 2022-05-06  |l 0  |r 2026-02-24 23:25:32  |w 2026-02-24 
952 |a SNKMST  |b SNKMST  |y PREZ  |7 0  |p 17A1420201  |o snk 45-151 D1  |i snk1789/67  |0 0  |1 0  |4 0  |d 2022-05-06  |l 0  |r 2026-02-24 23:25:32  |w 2026-02-24